Tenkrát v Hollywoodu : román /

Novelizace stejnojmenného amerického oskarového filmu rozšiřuje příběhy obou protagonistů i dalších postav.

Main Author: Tarantino, Quentin, 1963-
Other Authors: Tolimat, Rani, 1970-
Language: Czech
Published: Praha : Prostor, 2021
Edition: Vydání první
Physical Description: 365 stran ; 21 cm
Book
Saved in:
LEADER 02121cam a2200409 i 4500
001 nkc20213367300
003 CZ PrNK
005 20220905111824.0
007 ta
008 211015s2021 xr g 000 f cze d
015 |a cnb003367300 
020 |a 978-80-7260-503-3  |q (brožováno) :  |c Kč 397,00 
035 |a (OCoLC)1329407180 
040 |a CBA001  |b cze  |d ABG001  |e rda 
041 1 |a cze  |h eng 
072 7 |a 821.111(73)-3  |x Americká próza  |2 Konspekt  |9 25 
080 |a 821.111(73)-31  |2 MRF 
080 |a (0:82-31)  |2 MRF 
100 1 |a Tarantino, Quentin,  |d 1963-  |7 jn20000701779  |4 aut 
240 1 0 |a Once upon a time in Hollywood.  |l Česky 
245 1 0 |a Tenkrát v Hollywoodu :  |b román /  |c Quentin Tarantino ; přeložil Rani Tolimat 
250 |a Vydání první 
264 1 |a Praha :  |b Prostor,  |c 2021 
300 |a 365 stran ;  |c 21 cm 
336 |a text  |b txt  |2 rdacontent 
337 |a bez média  |b n  |2 rdamedia 
338 |a svazek  |b nc  |2 rdacarrier 
500 |a Přeloženo z angličtiny 
520 2 |a Novelizace stejnojmenného amerického oskarového filmu rozšiřuje příběhy obou protagonistů i dalších postav.  |b Hollywood 1969. Rick Dalton, který prožívá finální úpadek své kariéry, začíná točit pilotní díl nového seriálu. Místo rolí seriálových hrdinů, na které je zvyklý a které má rád, mu teď všichni nabízí jen role zločinců. Urážka je to o to horší, že jeho nejbližším sousedům, mladým manželům Polanským, celý filmový svět právě teď leží u nohou. Společně se svým dlouholetým kamarádem a dublérem Cliffem se Rick musí srovnat s vlastním stárnutím i tím, že jejich sláva patří minulosti. Na klidu jim nepřidává ani fakt, že se v okolí začala pohybovat podivná rodina hippíků. 
655 7 |a americké romány  |7 fd131796  |2 czenas 
655 9 |a American fiction  |2 eczenas 
700 1 |a Tolimat, Rani,  |d 1970-  |7 xx0075417  |4 trl 
910 2 |a BOA001  |b 2-1491.983 
920 |a 4616657  |z ABG001 
990 |a BK 
995 |a 01 
996 6 |b 2610913278  |c 2-1491.983  |l MZK  |r Sklad / do 1 hodiny  |n 0  |p p.v.  |w 001898440  |u 000010  |a 1  |e BOA001  |j MZK50  |s P